000 00560nam a2200229Ia 4500
003 GCL
008 140319s9999 xx 000 0 eng d
020 _a0697058840
040 _aGCL /
_cGCL
082 0 4 _a530
_bS U
100 1 _aSANNY, JEFF
245 1 0 _aUNIVERSITY PHYSICS /
_cSANNY, JEFF
700 1 _aMOEBS, WILLIAM
250 _aFIRST
260 _a[S.N] :
_bWCB WM.C.BROWN PUBLISHERS ،
_c1996
300 _a25 CM ؛
_c751 P
650 0 4 _aSCIENCE
650 0 4 _aTHERMODYNAMICS
650 0 4 _aPHYSICS
650 0 4 _aMECHANICS
942 _2ddc
_cBK
999 _c10283
_d10283